Distributed systems management / (Record no. 344687)
[ view plain ]
| 000 -LEADER | |
|---|---|
| fixed length control field | 01188 a2200229 4500 |
| 020 ## - INTERNATIONAL STANDARD BOOK NUMBER | |
| International Standard Book Number | 0201631768 |
| 020 ## - INTERNATIONAL STANDARD BOOK NUMBER | |
| International Standard Book Number | 9780201631760 |
| 082 04 - DEWEY DECIMAL CLASSIFICATION NUMBER | |
| Classification number | 004.35068 |
| 090 ## - LOCALLY ASSIGNED LC-TYPE CALL NUMBER (OCLC); LOCAL CALL NUMBER (RLIN) | |
| -- | 2185 |
| -- | 2185 |
| 100 1# - MAIN ENTRY--PERSONAL NAME | |
| Personal name | Langsford, Alwyn. |
| 245 10 - TITLE STATEMENT | |
| Title | Distributed systems management / |
| Statement of responsibility, etc. | Alwyn Langsford. |
| 260 ## - PUBLICATION, DISTRIBUTION, ETC. | |
| Place of publication, distribution, etc. | [S.l.] : |
| Name of publisher, distributor, etc. | Addison-Wesley Pub (Sd), |
| Date of publication, distribution, etc. | 1993. |
| 300 ## - PHYSICAL DESCRIPTION | |
| Extent | 352 p. ; |
| Dimensions | 25 cm. |
| 490 1# - SERIES STATEMENT | |
| Series statement | Dcn. |
| 500 ## - GENERAL NOTE | |
| General note | Hardcover. |
| 520 ## - SUMMARY, ETC. | |
| Summary, etc. | This book provides a strategic and technical perspective on the practices necessary for good distributed systems management for network managers and engineers. Features *investigates the interplay of management skills needed to develop and present the case for a managed syste *includes a checklist of points to be considered when planning, installing and maintaining a distributed syste *covers managing distributed systems securit *provides an overview of current product types. |
| 700 1# - ADDED ENTRY--PERSONAL NAME | |
| Personal name | Moffett, Jonathan. |
| 830 #0 - SERIES ADDED ENTRY--UNIFORM TITLE | |
| Uniform title | Dcn. |
| 856 40 - ELECTRONIC LOCATION AND ACCESS | |
| Materials specified | Amazon.com |
| Uniform Resource Identifier | <a href="http://www.amazon.com/exec/obidos/ASIN/0201631768/chopaconline-20">http://www.amazon.com/exec/obidos/ASIN/0201631768/chopaconline-20</a> |
| 856 40 - ELECTRONIC LOCATION AND ACCESS | |
| Materials specified | Amazon customer reviews |
| Uniform Resource Identifier | <a href="http://www.chopac.org/cgi-bin/tools/azrev.pl?q=0201631768">http://www.chopac.org/cgi-bin/tools/azrev.pl?q=0201631768</a> |
| 942 ## - ADDED ENTRY ELEMENTS (KOHA) | |
| Institution code [OBSOLETE] | NBS |
| Koha item type | Book |
| Call number prefix | 658.8 LAN |
| Withdrawn status | Lost status | Damaged status | Not for loan | Permanent Location | Current Location | Date acquired | Total Checkouts | Full call number | Barcode | Date last seen | Price effective from | Koha item type |
|---|---|---|---|---|---|---|---|---|---|---|---|---|
| Central Library (CL) | Central Library (CL) | 08/28/2013 | 658.8 LAN | NBS87 | 08/28/2013 | 08/28/2013 | Book |
